| 000 | 00774cam a2200265 4500 | ||
|---|---|---|---|
| 008 | 090401t1991 xxu||||| |||| 00| 0 eng d | ||
| 020 | _a0860173259 | ||
| 035 | _a(Sirsi) u51462 | ||
| 041 | _aeng | ||
| 050 | _a658.99 | ||
| 100 | _aCurtis, Bernard | ||
| 245 | _aRoles, responsibilities and risks in management contracting. | ||
| 260 |
_aLondon _bCIRIA _c1991 |
||
| 300 | _a88p. ; 30cm. | ||
| 350 | _a24 | ||
| 490 |
_aCIRIA Special Publication _v81 |
||
| 650 | _aJCT MANAGEMENT CONTRACT 1987 | ||
| 650 | _aMANAGEMENT CONTRACT | ||
| 690 | _aBUILT ENVIRONMENT-BUILDING CONTRACT FORMS | ||
| 700 | _aWard, Stephen | ||
| 700 | _aChapman, Chris | ||
| 710 |
_aConstruction Industry Research and Information Association _94810 |
||
| 942 | _n0 | ||
| 948 | _c04/03/1997 | ||
| 999 |
_c92904 _d92904 |
||